000 00271nam a22001217a 4500
008 170328b xxu||||| |||| 00| 0 eng d
041 _aeng
080 _a796.3
100 _a8
101 _aSHM
245 _aCONTEMPORARY SPORT MANAGEMENT
_cPEDERSON, P.M
942 _2udc
_cBK
999 _c8786
_d8786